Nghiên cứu tác động của việc lên liếp đến chất lượng đất, nước và sự tăng trưởng giai đoạn đầu của rừng tràm (Melaleuca cajuputi) ở tiểu khu 307, lâm ngư trường U Minh I, tỉnh Cà Mau : Luận văn tốt nghiệp cao học. Ngành Khoa học môi trường
Nội dung đề tài là những tác động của phương pháp lên liếp trồng tràm tới chất lượng môi trường đất, nước và sự tăng trưởng vào giai đoạn đầu của cây tràm Melaleuca cajuputi trên đất phèn ở vùng U Minh Hạ, tỉnh Cà Mau...
Sparad:
| Huvudupphovsman: | |
|---|---|
| Materialtyp: | Bok |
| Språk: | Undetermined |
| Publicerad: |
Cần Thơ
Trường Đại học Cần Thơ
2008
|
| Ämnen: | |
| Taggar: |
Lägg till en tagg
Inga taggar, Lägg till första taggen!
|
| Thư viện lưu trữ: | Trung tâm Học liệu Trường Đại học Cần Thơ |
|---|
| LEADER | 01389nam a2200229Ia 4500 | ||
|---|---|---|---|
| 001 | CTU_152197 | ||
| 008 | 210402s9999 xx 000 0 und d | ||
| 082 | |a 634.97 | ||
| 082 | |b Th312 | ||
| 088 | |a 60440301 | ||
| 100 | |a Nguyễn, Hữu Thịnh | ||
| 245 | 0 | |a Nghiên cứu tác động của việc lên liếp đến chất lượng đất, nước và sự tăng trưởng giai đoạn đầu của rừng tràm (Melaleuca cajuputi) ở tiểu khu 307, lâm ngư trường U Minh I, tỉnh Cà Mau : | |
| 245 | 0 | |b Luận văn tốt nghiệp cao học. Ngành Khoa học môi trường | |
| 245 | 0 | |c Nguyễn Hữu Thịnh; Nguyễn Văn Bé, Lê Minh Lộc (cán bộ hướng dẫn) | |
| 260 | |a Cần Thơ | ||
| 260 | |b Trường Đại học Cần Thơ | ||
| 260 | |c 2008 | ||
| 520 | |a Nội dung đề tài là những tác động của phương pháp lên liếp trồng tràm tới chất lượng môi trường đất, nước và sự tăng trưởng vào giai đoạn đầu của cây tràm Melaleuca cajuputi trên đất phèn ở vùng U Minh Hạ, tỉnh Cà Mau | ||
| 650 | |a Forests and forestry | ||
| 650 | |x Lâm nghiệp | ||
| 904 | |i Năm, Ái | ||
| 980 | |a Trung tâm Học liệu Trường Đại học Cần Thơ | ||